Մակրոտնտեսական վերլուծություն, մոդելավորում և կանխատեսում / (Record no. 338769)
[ view plain ]
| 000 -LEADER | |
|---|---|
| fixed length control field | 01316nam a2200301 a 4500 |
| 001 - CONTROL NUMBER | |
| control field | 001033647 |
| 003 - CONTROL NUMBER IDENTIFIER | |
| control field | AM-YeHGA |
| 005 - DATE AND TIME OF LATEST TRANSACTION | |
| control field | 20250618074314.0 |
| 008 - FIXED-LENGTH DATA ELEMENTS--GENERAL INFORMATION | |
| fixed length control field | 140812s2014 ai r 000 0 arm d |
| 020 ## - INTERNATIONAL STANDARD BOOK NUMBER | |
| International Standard Book Number | 9789939 610948 |
| 040 ## - CATALOGING SOURCE | |
| Original cataloging agency | AM-YeHGA |
| 041 0# - LANGUAGE CODE | |
| Language code of text/sound track or separate title | arm |
| 090 ## - LOCALLY ASSIGNED LC-TYPE CALL NUMBER (OCLC); LOCAL CALL NUMBER (RLIN) | |
| -- | 340550 |
| 245 00 - TITLE STATEMENT | |
| Title | Մակրոտնտեսական վերլուծություն, մոդելավորում և կանխատեսում / |
| Statement of responsibility, etc. | Ա.Ա Թավադյան և ուրիշն. ; Մասն. խմբ.՝ Տ.Հ.Թերզյան ; ՀՊՏՀ. |
| 260 ## - PUBLICATION, DISTRIBUTION, ETC. | |
| Place of publication, distribution, etc. | Երևան : |
| Name of publisher, distributor, etc. | Տնտեսագետ, |
| Date of publication, distribution, etc. | 2014. |
| 300 ## - PHYSICAL DESCRIPTION | |
| Extent | 76 էջ : |
| Other physical details | աղյս., գծանկ., ; |
| Dimensions | 24 սմ. |
| 440 #0 - SERIES STATEMENT/ADDED ENTRY--TITLE | |
| Title | "Ամբերդ" |
| Volume/sequential designation | 12 |
| 504 ## - BIBLIOGRAPHY, ETC. NOTE | |
| Bibliography, etc. note | Մատենագիտ.` տողատ. ծանոթ. և էջ՝72 հայ. և օտար լ. |
| 650 14 - SUBJECT ADDED ENTRY--TOPICAL TERM | |
| Topical term or geographic name entry element | Տնտեսագիտություն |
| Geographic subdivision | Հայաստանի Հանրապետություն |
| 700 1# - ADDED ENTRY--PERSONAL NAME | |
| Personal name | Թավադյան, Աշոտ Աղասու |
| 700 1# - ADDED ENTRY--PERSONAL NAME | |
| Personal name | Հովհաննիսյան, Հ.Ս |
| 700 1# - ADDED ENTRY--PERSONAL NAME | |
| Personal name | Հակոբյան, Տ.Հ |
| 700 1# - ADDED ENTRY--PERSONAL NAME | |
| Personal name | Նալչաջյան, Վահրամ Թորգոմի |
| 700 1# - ADDED ENTRY--PERSONAL NAME | |
| Personal name | Թևիկյան, Ա.Ա. |
| 700 1# - ADDED ENTRY--PERSONAL NAME | |
| Personal name | Ենգիբարյան, Ն.Հ |
| 700 1# - ADDED ENTRY--PERSONAL NAME | |
| Personal name | Թերզյան, Տ.Հ. |
| Relator term | մասն. խմբ. |
| Relationship | edt. |
| 710 2# - ADDED ENTRY--CORPORATE NAME | |
| Corporate name or jurisdiction name as entry element | Հայաստանի պետական տնտեսագիտական համալսարան |
| 9 (RLIN) | 4131 |
| Withdrawn status | Lost status | Damaged status | Not for loan | Collection | Home library | Current library | Date acquired | Cost, normal purchase price | Shelving control number | Total checkouts | Full call number | Barcode | Date last seen | Price effective from | Koha item type | Public note |
|---|---|---|---|---|---|---|---|---|---|---|---|---|---|---|---|---|
| General | Fundamental Scientific Library | Fundamental Scientific Library | 09/01/2017 | 1000.00 | AII/99933 | FL0313968 | 09/01/2017 | 09/01/2017 | Գրքեր / Books | 30 Days Loan |
ՀՀ Գիտությունների ազգային ակադեմիայի հիմնարար գիտական գրադարան = Fundamental Scientific Library of NAS RA
All site content, except where otherwise noted, is licensed under a